| 000 | 00346nam a22001457a 4500 | ||
|---|---|---|---|
| 003 | OSt | ||
| 005 | 20160818101810.0 | ||
| 008 | 160818b xxu||||| |||| 00| 0 eng d | ||
| 020 | _a0060875968 | ||
| 040 | _cN/A | ||
| 100 | _aJill.A. Davis | ||
| 245 | _aAsk again later | ||
| 260 |
_aNew York _bHarper Collins Publishers _c2007 |
||
| 942 |
_2lcc _cBK |
||
| 999 |
_c255059 _d255058 |
||